| 000 | 00000nam##2200000za#4500 |
| 001 | 9.651897 |
| 003 | CaOODSP |
| 005 | 20240209132417 |
| 007 | ta |
| 008 | 150407|2002||||xxc||||| f|0| 0 eng|d |
| 040 | |aCaOODSP|beng |
| 043 | |an-cn--- |
| 086 | 1 |aIu89-4/56-2002E |
| 110 | 2 |aAtlantic Canada Opportunities Agency. |
| 245 | 10|aInnovation and commercialization in Atlantic Canada : |bresearch project - final report / |cby Alan Cornford (GPT Management Ltd.), Marin Consultants, Inc. Gardner Pinfold Consultants Ltd. |
| 260 | |aMoncton - New Brunswick : |bAtlantic Canada Opportunities Agency |cMarch 2002. |
| 300 | |a[2], 49p. : |bfigs., references, tables ; |c28 cm. |
| 500 | |a"Atlantic Policy Research Initiative" - on cover. |
| 520 | 3 |aThe objectives were: a) to examine the region's current technology commercialization practices and processes, including strengths and weaknesses, and to identify areas for improvement; and b) to examine best practices in technology commercialization and lessons learned from other jurisdictions that could be applicable to Atlantic Canada, including university-business linkages, infrastructure requirements and gaps, key sectors of opportunity and research strengths. |
| 563 | |aCerlox |
| 590 | |a10-06|b2010-02-12 |
| 690 | 07|aAtlantic provinces|2gcpds |
| 690 | 07|aBusiness development|2gcpds |
| 690 | 07|aCommercialization|2gcpds |
| 690 | 07|aInnovation|2gcpds |
| 775 | 08|tInnovation et commercialisation au Canada atlantique : |w(CaOODSP)9.684895 |
| 776 | 0#|tInnovation and commercialization in Atlantic Canada : |w(CaOODSP)9.693133 |